000 00947nam0a22002891 4500
001 rc\3751237
005 20130115154857.3
021 _aRU
_b[73-66653]
035 _a(NLR Aleph) 007874323
090 _a7877785
_c7877785
100 _a20130115d1973 |||y0rusy50 ca
101 1 _arus
_clav
102 _aRU
105 _aa z |||||
200 1 _aДаугавпилс
_e[Пер. с латыш.]
205 _a2-е изд., перераб. и доп.
210 _aРига
_cЛиесма
_d1973
215 _a48 с.
_cил.
_d21х10
606 _aКоммунистическое строительство
_yДаугавпилс
_2psbo
607 _aДаугавпилс
_xИстория
_2psbo
700 1 _aСтепране
_bИ. Я.
_gИнта Яновна
701 1 _aТрейс
_bР. Э.
_gРихард Эрнестович
801 0 _aRU
_bNLR
_gpsbo
801 1 _aRU
_bELAR
_2rusmarc
852 _aNLR
_j73-6/7502
942 _cBOOK
980 _aNB